| 000 | 00359nam a22001577a 4500 | ||
|---|---|---|---|
| 003 | SGT | ||
| 020 | _a81-7179-156-5 | ||
| 082 |
_a615.183 _bP90T |
||
| 100 | _aTRIPATHI, K.D | ||
| 245 | _aPHARMACOLOGICAL CLASSIFICATION OF DRUGS | ||
| 250 | _a2ND | ||
| 260 |
_aNEW DELHI _bJAYPEE BROTHERS PUB _c1990 |
||
| 300 | _a179 | ||
| 650 | _aPHARMACY | ||
| 942 |
_2ddc _cBK |
||
| 999 |
_c11213 _d11213 |
||